Statistics for Croatia by Picture

Click here to take the quiz!

General Stats

  • This quiz has been taken 358 times
  • The average score is 11 of 16

Answer Stats

Answer% Correct
Luka Modrić
96%
Nikola Tesla
96%
Zagreb
94%
Split
86%
Istria
85%
Adriatic Sea
78%
Dubrovnik
75%
Necktie
75%
Plitvice Lakes
70%
Dražen Petrović
68%
Rimac Concept One
66%
Pula Arena
52%
Slavoljub Penkala
44%
Zlatni Rat
44%
Zagreb Cathedral
42%
Zagreb Funicular
11%

Score Distribution

Percentile by Number Answered

Percent of People with Each Score

Your Score History

You have not taken this quiz